000 00403nam a2200181Ia 4500
001 9940
005 20260306161755.0
008 260306t2003||||xx |||||||||||||| ||spa||
041 _aESP
082 _a808.8
_bO693R
100 _aPlatonis
_eAUT
245 0 _aRempublicam
260 _c2003
300 _axxiii, 428 páginas :
_c19 cm.
650 _aGEN
654 _aCHU
942 _cLIB
_dJUS
_fJUS
_2ddc
_n
999 _c9940
_d9940